Statistiques concernant Les 10 meilleurs buteurs Français en LDC.

Cliquez ici pour prendre le quiz!

Statistiques générales

  • Ce quiz a été pris 4 546 fois
  • Le résultat moyen est 7 sur 10

Statistiques - réponses

ButsJoueurs Francais% Correct
90Karim Benzema
98%
40Kylian Mbappe
97%
50Thierry Henry
93%
30Antoine Griezmann
89%
22Olivier Giroud
88%
17Michel Platini
65%
29David Trezeguet
60%
28Jean-Pierre Papin
55%
18Franck Ribéry
49%
20Nicolas Anelka
30%

Distribution des résultats

Percentile par nombre de réponses

% des personnes avec chaque résultat

Votre développement - résultats

Vous n’avez pas pris ce quiz